El discurso político de Juan Pablo II y la cuestión de la racionalidad utópica de la doctrina social de la Iglesia. Parte 4: esperanza cristiana, proyecto histórico y dimensión utópica de la liberación /

Guardado en:
Bibliografiske detaljer
Hovedforfatter: Ezcurra, Ana María
Institution som forfatter: Encuentro de científicos sociales y teólogos sobre el tema "El discernimiento de las utopías", 2 / Ana María Ezcurra
Format: Procedimiento de la Conferencia
Tags: Tilføj Tag
Ingen Tags, Vær først til at tagge denne postø!

MARC

LEADER 00000 a a2200000 04500
001 45055
003
040
100 |a Ezcurra, Ana María  
111 |a Encuentro de científicos sociales y teólogos sobre el tema "El discernimiento de las utopías", 2 /  |c Ana María Ezcurra 
245 |a El discurso político de Juan Pablo II y la cuestión de la racionalidad utópica de la doctrina social de la Iglesia. Parte 4: esperanza cristiana, proyecto histórico y dimensión utópica de la liberación /  |c Ana María Ezcurra  
773 |g páginas 427-442  
999 |c 40137  |d 40137